30 Facts That Start with 'J' Quiz Stats

 Plays Quiz Updated Nov 7, 2017

Score 0/30 Timer 05:00
3 Plays Today
Question Answer % Correct
Which Shakespearean character says 'Wherefore art thou Romeo?'?Juliet
98.7%
What first name is shared by singers Bieber and Timberlake?Justin
97.8%
What cartoon mouse partnered 'Tom' the cat?Jerry
95%
'Oh! what fun it is to ride. In a one-horse open sleigh.' is a line from what festive song?Jingle Bells
93.9%
What large member of the cat family shares its name with a luxury car company?Jaguar
90.4%
What name is given to a young kangaroo?Joey
87.8%
The maxilla and mandible bones form what part of the body?Jaw
87.8%
What geological period came between the Triassic and Cretaceous?Jurassic
87.3%
What nationality is record-breaking athlete Usain Bolt?Jamaican
85.3%
In 'Star Wars', what order can use a mystical power called 'The Force'?Jedi
84.6%
What 1995 Robin Williams film is about a supernatural board game?Jumanji
84%
The Wailing Wall or Western Wall is found in what city?Jerusalem
81.3%
What skin condition gets its name from the French word for 'yellow'?Jaundice
80.5%
Ken Jennings and Brad Rutter were long-running champions on what game show?Jeopardy!
79.9%
What Indonesian island is also a programming language?Java
76.7%
Question Answer % Correct
Which actor plays Wolverine in the 'X-Men' film series?Jackman (Hugh)
76%
Which book of the Bible has the shortest name?Job
75.7%
Steve-O and Johnny Knoxville were stars of what TV series?Jackass
75.1%
The Portuguese Man-of-war is often mistaken for what sea creature?Jellyfish
70.3%
Which 'Maid of Orleans' was burned at the stake in 1431?Joan of Arc
69.6%
What is the name of the cowgirl in the 'Toy Story' films?Jessie
69.3%
What is the most populous city in Florida?Jacksonville
69.2%
What is the S.I. unit of work or energy?Joule
66.8%
Which Irish novelist wrote 'Ulysses'?Joyce (James)
58.5%
In 2008, which celebrity gave birth to twins Vivienne and Knox?Jolie (Angelina)
51.5%
What nonsense poem features in Lewis Carroll's 'Through the Looking-Glass'?Jabberwocky
45%
What Christian denomination was founded by Charles Taze Russell in 1884?Jehovah's Witnesses
39.9%
Which Italian football club, based in Turin, wear black and white stripes?Juventus
38%
What type of orange is named after an Israeli port?Jaffa
21.8%
Who wrote the novel 'Three Men in a Boat'?Jerome (Jerome K.)
9.9%

You're not logged in!

Compare scores with friends on all Sporcle quizzes.
OR
Log In

You Might Also Like...

Show Comments

Extras

Top Quizzes Today


Score Distribution

Your Account Isn't Verified!

In order to create a playlist on Sporcle, you need to verify the email address you used during registration. Go to your Sporcle Settings to finish the process.

Report this User

Report this user for behavior that violates our Community Guidelines.

Details: